<?xml version="1.0" encoding="UTF-8"?>
<collection xmlns="http://www.loc.gov/MARC21/slim">
 <record>
  <leader>01433nam a2200205Ia 4500</leader>
  <controlfield tag="001">TDMU_26103</controlfield>
  <controlfield tag="008">210410s9999    xx            000 0 und d</controlfield>
  <datafield tag="082" ind1=" " ind2=" ">
   <subfield code="a">616.132 007</subfield>
  </datafield>
  <datafield tag="090" ind1=" " ind2=" ">
   <subfield code="b">NG450</subfield>
  </datafield>
  <datafield tag="100" ind1=" " ind2=" ">
   <subfield code="a">Nguyễn, Thị Thúy Hiệp</subfield>
  </datafield>
  <datafield tag="245" ind1=" " ind2="0">
   <subfield code="a">Nghiên cứu thực trạng mắc bệnh tăng huyết áp của người dân trên 20 tuổi ở phường Phú Mỹ thành phố Thủ Dầu Một tỉnh Bình Dương</subfield>
  </datafield>
  <datafield tag="245" ind1=" " ind2="0">
   <subfield code="c">Nguyễn Thị Thúy Hiệp; ThS. Nguyễn Thị Thu Hiền (hướng dẫn)</subfield>
  </datafield>
  <datafield tag="260" ind1=" " ind2=" ">
   <subfield code="a">Bình Dương</subfield>
  </datafield>
  <datafield tag="260" ind1=" " ind2=" ">
   <subfield code="c">2015</subfield>
  </datafield>
  <datafield tag="300" ind1=" " ind2=" ">
   <subfield code="a">36tr.</subfield>
  </datafield>
  <datafield tag="520" ind1=" " ind2=" ">
   <subfield code="a">Cơ quan chủ trì: Đại học Thủ Dầu Một; Đề tài tìm hiểu thực trạng mắc bệnh và các yếu tố ảnh hưởng tới bệnh tăng huyết áp của người dân tại phường Phú Mỹ. Từ những thông tin nghiên cứu của đề tài xây dựng một phần cơ sở dữ liệu về bệnh tăng huyết áp trên địa bàn thành phố.</subfield>
  </datafield>
  <datafield tag="650" ind1=" " ind2=" ">
   <subfield code="a">Báo cáo khoa học; Bệnh tăng huyết áp</subfield>
   <subfield code="x">Thực trạng</subfield>
   <subfield code="z">Phường Phú Mỹ (Bình Dương)</subfield>
  </datafield>
  <datafield tag="700" ind1=" " ind2=" ">
   <subfield code="a">Nguyễn Thị Thu Hiền</subfield>
  </datafield>
  <datafield tag="856" ind1=" " ind2=" ">
   <subfield code="u">http://lrc.tdmu.edu.vn/opac/search/detail.asp?aID=2&amp;ID=26103</subfield>
  </datafield>
  <datafield tag="980" ind1=" " ind2=" ">
   <subfield code="a">Trung tâm Học liệu Trường Đại học Thủ Dầu Một</subfield>
  </datafield>
 </record>
</collection>
